Environmental indicators for building design : Development and application on Mexican dwellings

Gespeichert in:
Bibliographische Detailangaben
1. Verfasser: Guerra Santin, Olivia (Verfasst von)
Format: Buch
Sprache:Englisch
Veröffentlicht: Amsterdam : IOS Press, 2008
Tags: Tag hinzufügen
Keine Tags, Fügen Sie das erste Tag hinzu!

MARC

LEADER 00000nam a22000003a 4500
001 stu258270
005 20150617230211.6
008 121129s--------ne------------------eng-d
020 |a 978-1-58603-894-6 
040 |a STU  |b slo 
041 0 |a eng 
044 |a ne 
100 1 |a Guerra Santin, Olivia  |4 aut 
245 1 |a Environmental indicators for building design :  |b Development and application on Mexican dwellings 
260 |a Amsterdam :  |b IOS Press,  |c 2008 
300 |a 123 s 
996 |c V*51704/O-23128  |l VV8  |s P  |a 0  |w stu258270_0001